<?xml version="1.0" encoding="UTF-8"?>
<record
    xmlns:xsi="http://www.w3.org/2001/XMLSchema-instance"
    xsi:schemaLocation="http://www.loc.gov/MARC21/slim http://www.loc.gov/standards/marcxml/schema/MARC21slim.xsd"
    xmlns="http://www.loc.gov/MARC21/slim">

  <leader>00879nam a2200193   4500</leader>
  <controlfield tag="001">86022</controlfield>
  <controlfield tag="003">BD-RjUL</controlfield>
  <controlfield tag="005">20251202153909.0</controlfield>
  <controlfield tag="008">251202s1977    ii ||||| |||| 00| 0 urd d</controlfield>
  <datafield tag="035" ind1=" " ind2=" ">
    <subfield code="a">(BD-RjUL)86022</subfield>
  </datafield>
  <datafield tag="040" ind1=" " ind2=" ">
    <subfield code="a">BD-RjUL</subfield>
    <subfield code="b">eng</subfield>
    <subfield code="c">BD-RjUL</subfield>
  </datafield>
  <datafield tag="041" ind1=" " ind2=" ">
    <subfield code="a">urd</subfield>
  </datafield>
  <datafield tag="082" ind1=" " ind2=" ">
    <subfield code="2">23</subfield>
    <subfield code="a">891.43909</subfield>
    <subfield code="b">KHU 1977</subfield>
  </datafield>
  <datafield tag="100" ind1="1" ind2="0">
    <subfield code="a"> &#x634;&#x627;&#x647;&#x6CC;&#x646;&#x60C; &#x627;&#x645;&#x6CC;&#x649;&#x631; &#x627;&#x644;&#x644;&#x651;&#x670;&#x647; &#x62E;&#x627;&#x6BA; ;; Shaheen, Ameerullah Khan</subfield>
    <subfield code="9">17451</subfield>
  </datafield>
  <datafield tag="245" ind1="1" ind2="0">
    <subfield code="a">&#x627;&#x631;&#x62F;&#x648;  &#x627;&#x633;&#x627;&#x644;&#x6CC;&#x628; &#x646;&#x62B;&#x631; : &#x62A;&#x627;&#x631;&#x6CC;&#x62E; &#x648; &#x62A;&#x62C;&#x632;&#x649;&#x647; : &#x6AF;&#x6CC;&#x627;&#x631;&#x648;&#x6CC;&#x6BA; &#x635;&#x62F;&#x649; &#x633;&#x6D2; &#x628;&#x649;&#x6CC;&#x648;&#x6BA; &#x635;&#x62F;&#x649; &#x62A;&#x643;  / Urd&#x16B;  as&#x101;l&#x12B;b-i nas&#x332;r : t&#x101;r&#x12B;k&#x332;h&#x332; va tajziyah : giy&#x101;rv&#x12B;n&#x332; &#x1E63;ad&#x12B; se b&#x12B;svin&#x332; &#x1E63;ad&#x12B; tak /</subfield>
    <subfield code="c">&#x688;&#x627;&#x643;&#x679;&#x631; &#x627;&#x645;&#x6CC;&#x649;&#x631; &#x627;&#x644;&#x644;&#x651;&#x670;&#x647; &#x62E;&#x627;&#x6BA; &#x634;&#x627;&#x647;&#x6CC;&#x646; Am&#x12B;rull&#x101;h Sh&#x101;h&#x12B;n (Author) / &#x1E0C;&#x101;k&#x1E6D;ar Am&#x12B;rull&#x101;h K&#x332;h&#x332;&#x101;n&#x332; Sh&#x101;h&#x12B;n.</subfield>
  </datafield>
  <datafield tag="300" ind1=" " ind2=" ">
    <subfield code="a">391 p. ;</subfield>
    <subfield code="c">21 cm</subfield>
  </datafield>
  <datafield tag="650" ind1=" " ind2=" ">
    <subfield code="a">Urdu prose literature</subfield>
    <subfield code="v">History and criticism</subfield>
  </datafield>
  <datafield tag="942" ind1=" " ind2=" ">
    <subfield code="2">ddc</subfield>
    <subfield code="c">BK</subfield>
  </datafield>
  <datafield tag="999" ind1=" " ind2=" ">
    <subfield code="c">86022</subfield>
    <subfield code="d">86022</subfield>
  </datafield>
  <datafield tag="952" ind1=" " ind2=" ">
    <subfield code="0">0</subfield>
    <subfield code="1">0</subfield>
    <subfield code="2">ddc</subfield>
    <subfield code="4">0</subfield>
    <subfield code="7">1</subfield>
    <subfield code="8">NFIC</subfield>
    <subfield code="a">RUCL</subfield>
    <subfield code="b">RUCL</subfield>
    <subfield code="c">Reading</subfield>
    <subfield code="d">1980-03-25</subfield>
    <subfield code="e">India International</subfield>
    <subfield code="l">0</subfield>
    <subfield code="o">U 891.43909 KHU 1977</subfield>
    <subfield code="r">2025-12-02 00:00:00</subfield>
    <subfield code="t">C-1</subfield>
    <subfield code="w">2025-12-02</subfield>
    <subfield code="y">BK</subfield>
  </datafield>
</record>
